Pest control in buildings: a guide to the meaning of terms (Record no. 53439)

MARC details
000 -LEADER
fixed length control field 00689nam a2200193 a 4500
008 - FIXED-LENGTH DATA ELEMENTS--GENERAL INFORMATION
fixed length control field 060316s1973 ||||||||||||||||| || u
020 ## - INTERNATIONAL STANDARD BOOK NUMBER
International Standard Book Number 0091141303
050 ## - LIBRARY OF CONGRESS CALL NUMBER
Classification number SB 950.95 Cor
100 ## - MAIN ENTRY--PERSONAL NAME
Personal name Cornwell, P. B
245 10 - TITLE STATEMENT
Title Pest control in buildings: a guide to the meaning of terms
260 ## - PUBLICATION, DISTRIBUTION, ETC.
Place of publication, distribution, etc. London,
Name of publisher, distributor, etc. Hutchinson
Date of publication, distribution, etc. 1973
300 ## - PHYSICAL DESCRIPTION
Extent 192, [41] p. illus.
350 ## - PRICE (NR) (BK AM CF MU VM SE) [OBSOLETE]
Price 0.00
490 ## - SERIES STATEMENT
Series statement The Rentokil library
650 ## - SUBJECT ADDED ENTRY--TOPICAL TERM
Topical term or geographic name entry element PESTS--DICTIONARIES
650 ## - SUBJECT ADDED ENTRY--TOPICAL TERM
Topical term or geographic name entry element BUILDINGS--PEST CONTROL--DICTIONARIES
650 ## - SUBJECT ADDED ENTRY--TOPICAL TERM
Topical term or geographic name entry element BUILDINGS--PROTECTION--DICTIONARIES
995 ## - RECOMMENDATION 995 [LOCAL, UNIMARC FRANCE]
-- 0.00
-- CBU-MAIN LIBRARY (Kitwe)
-- 1
-- 5.00
-- 1
-- REFERENCE
-- Reference Collection
Holdings
Withdrawn status Lost status Source of classification or shelving scheme Damaged status Not for loan Home library Current library Shelving location Date acquired Total Checkouts Full call number Barcode Date last seen Price effective from Koha item type
          CBU-MAIN LIBRARY, KITWE. CBU-MAIN LIBRARY, KITWE.   11/30/2022   SB 950.95 Cor 023183 11/30/2022 11/30/2022 MONOGRAPH